Návrh opatrení pri riešení zákazníckych reklamácií v podniku NMH s. r. o.

Guardado en:
Detalles Bibliográficos
Autor principal: Remenárová, Alžbeta (Autor)
Otros Autores: Mesárošová, Jana (Orientador)
Formato: Manuscrito Libro
Lenguaje:eslovaco
Publicado: 2025
Materias:
Acceso en línea:http://is.stuba.sk/zp/portal_zp.pl?podrobnosti=176873
Etiquetas: Agregar Etiqueta
Sin Etiquetas, Sea el primero en etiquetar este registro!

MARC

LEADER 00000ntm a22000003a 4500
001 stuzp103976
003 SK-STU
005 20250628211038.0
007 ta
008 150427s2015----xo-----f-mn---000-0-slo-d
040 |a STU  |b slo 
041 0 |a slo 
100 1 |a Remenárová, Alžbeta  |u 064000  |4 aut  |U MTF Materiálovotechnologická fakulta  |T MTF Ústav priemyselného inžinierstva a manažmentu  |X 121933  |U M4000  |Y 84  |7 121933 
242 0 1 |a Proposal of measures for solving customer complaints in company NMH s. r. o.  |y eng 
245 1 0 |a Návrh opatrení pri riešení zákazníckych reklamácií v podniku NMH s. r. o. 
260 |c 2025 
650 4 |a kvalita  |2 slo 
650 4 |a reklamácia  |2 slo 
650 4 |a 8D metóda  |2 slo 
650 4 |a quality  |2 eng 
650 4 |a complaint  |2 eng 
650 4 |a 8D method  |2 eng 
700 1 |a Mesárošová, Jana  |u 064000  |k Z1  |4 ths  |U MTF Materiálovotechnologická fakulta  |T MTF Ústav priemyselného inžinierstva a manažmentu  |X 33022  |U M4000  |Y 84  |7 A000033022 
856 4 |u http://is.stuba.sk/zp/portal_zp.pl?podrobnosti=176873 
996 |c M* BP-10007  |l MMSKP  |s P  |a 0  |w stuzp103976_0001